Bezirke von Wien - Statistiken

Allgemein
  • Dieses Quiz wurde 338 mal gespielt
  • Das Durchschnittsergebnis liegt bei 14 aus 23
Antwortstatistiken
Hint Antwort % Korrekt
1.Bezirk Innere Stadt
91%
2.Bezirk Leopoldstadt
76%
16.Bezirk Ottakring
74%
11.Bezirk Simmering
73%
22.Bezirk Donaustadt
71%
10.Bezirk Favoriten
69%
21.Bezirk Floridsdorf
68%
3.Bezirk Landstraße
68%
6.Bezirk Mariahilf
68%
12.Bezirk Meidling
65%
13.Bezirk Hietzing
58%
8.Bezirk Josefstadt
57%
7.Bezirk Neubau
56%
4.Bezirk Wieden
55%
19.Bezirk Döbling
53%
15.Bezirk Rudolfsheim-Fünfhaus
53%
23.Bezirk Liesing
52%
14.Bezirk Penzing
52%
5.Bezirk Margareten
50%
9.Bezirk Alsergrund
49%
17.Bezirk Hernals
49%
18.Bezirk Währing
49%
20.Bezirk Brigittenau
47%
Keine übereinstimmenden Quizze gefunden
Verteilung der Resultate
Anzahl Personen mit jedem Resultat
Perzentil nach korrekt beantworteten Fragen
Ihre Resultats-Entwicklung
Sie haben dieses Quiz noch nicht gespielt